00866nam a22002537a 450000500170000001000130001702000100003003500130004003700160005304000120006908200160008110000300009724500750012724600060020226000430020827000610025130000270031250000410033965000230038065000210040394200250042499900190044995201440046820170124110200.0 aA-294459 c00.00 aA-294459 bCen Lib/Ret aDPLbEN a181.46bSHA aSharma, G. Ranjit 935793 aThe idealistic philosophy of swami vivekananda /cby G. Ranjit Sharma  b  bAtlantic Publishers aNew Delhi c1987 bNew Delhi aB-2, vishal enclave, najafgarh road e110027 aviii, 197p..c19cm(Hb) aIncludes bibliographical references  aPhilosophy 935794 aIdeology 935795 2ddccENh181.46mSHA c132806d132806 04104070aLbLd2015-07-23eCen Lib/Retg0.00l0o181.46 SHApA-294459r2015-07-23 00:00:00t1v0.00w2015-07-23yENzW/d list no. 6806/7